| 000 | 00466nam a2200145Ia 4500 | ||
|---|---|---|---|
| 008 | 210430s9999 xx 000 0 und d | ||
| 020 | _a0-387-23395-4 | ||
| 082 | _a538.4 M6891 M | ||
| 100 |
_aYIMEI ZHU _9125868 |
||
| 245 |
_aModern Techniques For Characterizing Magnetic Materials _cSpringer |
||
| 260 |
_aUSA _bKluwer Academic _c2005 |
||
| 300 | _a600p | ||
| 856 |
_uhttp://10.250.8.41:8080/xmlui/handle/123456789/46562 _yFor E-Book click here |
||
| 942 |
_cBK _2ddc |
||
| 999 |
_c562861 _d562861 |
||